| 000 | 01235naa a22003137a 4500 | ||
|---|---|---|---|
| 001 | BR8901210 | ||
| 003 | BR-BrBNA | ||
| 005 | 20240918180431.0 | ||
| 007 | ta | ||
| 008 | 230509b bl.||||| |||| 00| 0 por d | ||
| 040 |
_aBR-BrBNA _bpor _cBiblioteca Nacional de Agricultura |
||
| 041 | _a(Pt) | ||
| 072 |
_aQ02; P40 _b2120 |
||
| 090 | _aQ02 BR8901210 | ||
| 100 | 1 | _aCordeiro, J.A.B. | |
| 100 | 1 | _aSilva, J.S. | |
| 111 | 1 |
_a16. Congresso Brasileiro de Engenharia Agricola _cJundiai, SP (Brazil) _d13-17 Jul 1987 |
|
| 245 | 1 | _aInfluencia da temmperatura na secagem de cafe (Coffea arabica L.)em camada fixa | |
| 246 | 1 | _a[Temperature influence on fixed-bed drying coffee (Coffea arabica L.)] | |
| 246 | 1 | _a[16th Brazilian Congress of Agricultural Engineering. Annals. v. 2] | |
| 260 | 3 |
_aSao Paulo, SP (Brasil): _c1987. |
|
| 500 | _a16. Congresso Brasileiro de Engenharia Agricola. Anais. v. 2 Sao Paulo, SP (Brasil): 1987. p. 414-422 (BR8901210-AM)Q02 | ||
| 650 | _aCAFE | ||
| 650 | _aSECAGEM | ||
| 650 | _aTEMPERATURA | ||
| 773 | 0 |
_t16. Congresso Brasileiro de Engenharia Agricola. Anais. v. 2 _wQ02 BR8901210 _gSao Paulo, SP (Brasil), 1987. p. 414-422 |
|
| 909 |
_a202404 _bLucia _c55 _dLucia Elande |
||
| 942 |
_cAM _2AGRIS |
||
| 999 |
_c320341 _d320341 |
||